000 00383nam a2200157Ia 4500
008 160316s9999 xxu||||| |||| 00| 0 eng d
082 _a344.013000
_bBAX
100 _aBaxi Upendra
245 _aUnconstitutional politics and child labour
250 _a
260 _aDelhi
_bUniversity of Delhi
_c0
300 _a4
_b
_c
365 _b
650 _a1. Child labour
700 _a
_a
999 _c40084
_d40084